| 000 | 00548nac a22001571u 4500 | ||
|---|---|---|---|
| 008 | 100719t ua|||||r|||| 00| 0 ara d | ||
| 082 |
_a113.8 _bا ب ر |
||
| 245 |
_aمشكلة الحياة / _cزكريا ابراهيم |
||
| 260 |
_aالقاهرة : _bمكتبة مصر ،1971 _c1971 |
||
| 300 |
_a360 ؛ص _c24 سم |
||
| 504 | _aيشتمل على ارجاعات ببليوجرافية ص345-349 | ||
| 511 | _aCatalogued by: Sara | ||
| 541 | _aالف باء | ||
| 650 |
_aالحياة (فلسفة) _916463 |
||
| 942 |
_cBB _k113.8 ا ب ر _2ddc |
||
| 999 |
_c6788 _d6788 |
||